हिन्दी उपन्यासों में नारी संघर्षः (Record no. 50722)

MARC details
000 -LEADER
fixed length control field 01276nam a22002897a 4500
005 - DATE AND TIME OF LATEST TRANSACTION
control field 2010091802302.0
008 - FIXED-LENGTH DATA ELEMENTS--GENERAL INFORMATION
fixed length control field 100915t xxu||||| |||| 00| 0 hin d
010 ## - LCCN (DPL NO)
LC control number HIN-91940
020 ## - INTERNATIONAL STANDARD BOOK NUMBER
Terms of availability 450.00
International Standard Book Number 9788180481406
035 ## - SYSTEM CONTROL NUMBER
System control number HN-64286
037 ## - SOURCE OF ACQUISITION
Source of stock number/acquisition DBAD / PUB
040 ## - CATALOGING SOURCE
Original cataloging agency DPL
Language of cataloging HN
082 ## - DEWEY DECIMAL CLASSIFICATION NUMBER
Classification number 823.08
100 ## - MAIN ENTRY--PERSONAL NAME
9 (RLIN) 20178
Personal name गोराई, काकोली
245 ## - TITLE STATEMENT
Title हिन्दी उपन्यासों में नारी संघर्षः
Statement of responsibility, etc काकोली गोराई
Remainder of title दसवें दशक का सर्वेक्षण और स्वरूप /
246 ## - VARYING FORM OF TITLE
Title proper/short title Hindi Upnaysao mein Nari Sanghrsh
Remainder of title by Kakoli Gorai
260 ## - PUBLICATION, DISTRIBUTION, ETC. (IMPRINT)
Place of publication, distribution, etc चण्डीगढ़
Name of publisher, distributor, etc अरूण पब्लिशिंग हाऊस
Date of publication, distribution, etc 2009
270 ## - ADDRESS
Address 49-51, सैक्टर-17सी
City चण्डीगढ़
Postal code 160017
300 ## - PHYSICAL DESCRIPTION
Extent 224पृ.
Dimensions 22सेमी (सजिल्द)
650 ## - SUBJECT ADDED ENTRY--TOPICAL TERM
9 (RLIN) 1159
650 ## - SUBJECT ADDED ENTRY--TOPICAL TERM
9 (RLIN) 26117
700 ## - ADDED ENTRY--PERSONAL NAME
9 (RLIN) 20179
700 ## - ADDED ENTRY--PERSONAL NAME
9 (RLIN) 20333
700 ## - ADDED ENTRY--PERSONAL NAME
9 (RLIN) 20540
942 ## - ADDED ENTRY ELEMENTS (KOHA)
Source of classification or shelving scheme Dewey Decimal Classification
Item type Hindi Books
Call number suffix गोराई
Classification part 823.08
Holdings
Withdrawn status Lost status Source of classification or shelving scheme Damaged status Not for loan Collection code Home library Current library Date acquired Source of acquisition Cost, normal purchase price Total Checkouts Full call number Barcode Date last seen Copy number Cost, replacement price Koha item type
    Dewey Decimal Classification   Not For Loan Non-fiction D.B.Act.Division D.B.Act.Division 22/02/2011 DBAD /PUB 450.00   823.08 गोराई HN-64286 22/02/2011 1 450.00 Hindi Books

© Delhi Public Library
Hit Counter
free hit counter